[Event "Paris ch 2005"]
[Site "Paris FRA"]
[Date "2005.07.09"]
[Round "1.1"]
[White "Elbilia, Jacques"]
[Black "Fressinet, Laurent"]
[Result "0-1"]
[WhiteElo "2336"]
[BlackElo "2627"]
[PlyCount "54"]
[EventDate "2005.07.09"]
[EventType "swiss"]
[EventRounds "9"]
[EventCountry "FRA"]
[Source "lmi"]
[SourceDate "2005.07.17"]

1. d4 g6 2. Nf3 Bg7 3. c4 c5 4. d5 d6 5. e4 e6 6. Nc3 Ne7 7. dxe6 Bxe6 8. Bf4
Nbc6 9. Bxd6 Qa5 10. Qb3 O-O 11. O-O-O Rfd8 12. Be2 Nd4 13. Nxd4 Rxd6 14. Ndb5
Rxd1+ 15. Rxd1 Nc6 16. Qa4 Qb6 17. Nd5 Qd8 18. g3 a6 19. Nbc3 Nd4 20. Rd2 b5
21. Qd1 Qa5 22. Kb1 Re8 23. Bd3 b4 24. Ne2 b3 25. Nxd4 bxa2+ 26. Ka1 Bxd4 27.
Bc2 Bxd5 0-1

[Event "Paris ch 2005"]
[Site "Paris FRA"]
[Date "2005.07.09"]
[Round "1.2"]
[White "Kazhgaleyev, Murtas"]
[Black "Paredes Galan, Angel"]
[Result "1/2-1/2"]
[WhiteElo "2619"]
[BlackElo "2334"]
[PlyCount "89"]
[EventDate "2005.07.09"]
[EventType "swiss"]
[EventRounds "9"]
[EventCountry "FRA"]
[Source "lmi"]
[SourceDate "2005.07.17"]

1. d4 Nf6 2. c4 g6 3. Nc3 d5 4. Nf3 Bg7 5. Qb3 dxc4 6. Qxc4 O-O 7. e4 a6 8. Qb3
c5 9. dxc5 Nbd7 10. c6 bxc6 11. Be2 Rb8 12. Qc2 Qb6 13. O-O Nc5 14. Rb1 Ne6 15.
Be3 c5 16. Na4 Qc6 17. Nd2 Bb7 18. Rbc1 Nxe4 19. Bf3 f5 20. Nxe4 fxe4 21. Bg4
Kh8 22. b3 Nd4 23. Qxc5 Qxc5 24. Nxc5 h5 25. Ne6 Nxe6 26. Bxe6 Be5 27. Rfd1
Rbd8 28. Bc4 Kg7 29. Bb6 Rxd1+ 30. Rxd1 Bd6 31. Bd5 Bxd5 32. Rxd5 h4 33. Ra5
Rc8 34. Be3 Rc2 35. h3 Kf7 36. Rxa6 Rb2 37. Kf1 Bb4 38. g4 hxg3 39. fxg3 Rb1+
40. Ke2 Rb2+ 41. Kd1 Rb1+ 42. Kc2 Re1 43. Bf4 Re2+ 44. Kd1 Re1+ 45. Kc2 1/2-1/2

[Event "Paris ch 2005"]
[Site "Paris FRA"]
[Date "2005.07.09"]
[Round "1.3"]
[White "Le Quang, Kim"]
[Black "Sadvakasov, Darmen"]
[Result "0-1"]
[WhiteElo "2330"]
[BlackElo "2610"]
[PlyCount "107"]
[EventDate "2005.07.09"]
[EventType "swiss"]
[EventRounds "9"]
[EventCountry "FRA"]
[Source "lmi"]
[SourceDate "2005.07.17"]

1. c4 e5 2. g3 Nf6 3. Bg2 Bc5 4. Nc3 O-O 5. e3 Nc6 6. a3 a5 7. Nge2 d6 8. d3
Bf5 9. h3 Rb8 10. O-O h6 11. b3 Re8 12. Bb2 Bb6 13. Nd5 Nxd5 14. cxd5 Ne7 15.
e4 Bd7 16. d4 Bb5 17. Re1 Ng6 18. Qd2 Qf6 19. Rad1 Ba6 20. Qe3 Qe7 21. Qf3 c6
22. h4 cxd5 23. h5 dxe4 24. Qxe4 exd4 25. Nxd4 Qxe4 26. Bxe4 Ne7 27. Kg2 Rbd8
28. g4 Kf8 29. f4 d5 30. Bf3 Bc7 31. Bc1 Rc8 32. g5 Bd6 33. gxh6 gxh6 34. f5
Kg7 35. Kh1 Nc6 36. Rg1+ Kh7 37. f6 Nxd4 38. Rxd4 Rc3 39. Rxd5 Rxf3 40. Rg7+
Kh8 41. Rxd6 Rf1+ 42. Kh2 Rxc1 43. Rxf7 Rc2+ 44. Kg3 Rc3+ 45. Kf4 Rxb3 46. Rdd7
Bd3 47. Rfe7 Rf8 48. Ke5 b5 49. Rg7 Rxa3 50. Ke6 Bc4+ 51. Ke5 Bd3 52. Ke6 Bc2
53. Ke7 Rb8 54. Rg2 0-1

[Event "Paris ch 2005"]
[Site "Paris FRA"]
[Date "2005.07.09"]
[Round "1.4"]
[White "Landa, Konstantin"]
[Black "Goldsztejn, Gildas"]
[Result "1-0"]
[WhiteElo "2609"]
[BlackElo "2330"]
[PlyCount "107"]
[EventDate "2005.07.09"]
[EventType "swiss"]
[EventRounds "9"]
[EventCountry "FRA"]
[Source "lmi"]
[SourceDate "2005.07.17"]

1. e4 c6 2. d4 d5 3. Nc3 dxe4 4. Nxe4 Bf5 5. Ng3 Bg6 6. h4 h6 7. Nf3 Nd7 8. h5
Bh7 9. Bd3 Bxd3 10. Qxd3 e6 11. Bf4 Ngf6 12. O-O-O Nd5 13. Bd2 Nb4 14. Qb3 a5
15. Kb1 a4 16. Qe3 Nd5 17. Qd3 b5 18. Ne5 Nxe5 19. dxe5 a3 20. b3 Qb6 21. Ne4
Rd8 22. Be3 Nxe3 23. Qxd8+ Qxd8 24. Rxd8+ Kxd8 25. fxe3 Be7 26. c4 bxc4 27.
bxc4 Kc7 28. Kc2 f5 29. Nf2 Bc5 30. Re1 f4 31. Nd3 Bxe3 32. g3 Rf8 33. gxf4 Bd4
34. c5 Rg8 35. Re4 Rd8 36. Re2 Kb7 37. Kb3 Ba1 38. Nb4 Bd4 39. Rd2 Kc7 40. Kc4
Be3 41. Rd6 Bxf4 42. Rxe6 Rd1 43. Rxc6+ Kb7 44. Rb6+ Kc8 45. Nd3 Bg5 46. Rc6+
Kd8 47. Rd6+ Kc8 48. Rc6+ Kd8 49. Ra6 Rh1 50. Ra8+ Kd7 51. Kd5 Rxh5 52. c6+ Kc7
53. Ra7+ Kb8 54. c7+ 1-0

[Event "Paris ch 2005"]
[Site "Paris FRA"]
[Date "2005.07.09"]
[Round "1.5"]
[White "Govciyan, Pavel"]
[Black "Tregubov, Pavel V"]
[Result "0-1"]
[WhiteElo "2328"]
[BlackElo "2607"]
[PlyCount "64"]
[EventDate "2005.07.09"]
[EventType "swiss"]
[EventRounds "9"]
[EventCountry "FRA"]
[Source "lmi"]
[SourceDate "2005.07.17"]

1. d4 d5 2. Nf3 c6 3. Bf4 Qb6 4. Qc1 Bf5 5. e3 e6 6. Be2 Nf6 7. Nh4 Be4 8. f3
Bg6 9. g4 c5 10. c3 Nc6 11. Nd2 Be7 12. Nxg6 hxg6 13. Kf1 Nd7 14. Kg2 Rc8 15.
Qc2 O-O 16. Qb3 Qd8 17. Rad1 Bg5 18. Bxg5 Qxg5 19. f4 Qe7 20. Qxb7 Qd6 21. Qa6
Rb8 22. Qa3 g5 23. fxg5 e5 24. dxc5 Qg6 25. c4 d4 26. Nf3 Rfe8 27. Rhe1 Nb4 28.
Qxa7 Qc6 29. exd4 exd4 30. Rxd4 Nxc5 31. Rf4 Rb7 32. Qa3 Nc2 0-1

[Event "Paris ch 2005"]
[Site "Paris FRA"]
[Date "2005.07.09"]
[Round "1.6"]
[White "Ghaem Maghami, Ehsan"]
[Black "Meinhardt, Maximilian"]
[Result "1-0"]
[WhiteElo "2603"]
[BlackElo "2324"]
[PlyCount "81"]
[EventDate "2005.07.09"]
[EventType "swiss"]
[EventRounds "9"]
[EventCountry "FRA"]
[Source "lmi"]
[SourceDate "2005.07.17"]

1. c4 e6 2. Nf3 d5 3. g3 Nf6 4. Bg2 Be7 5. d4 O-O 6. O-O c5 7. cxd5 exd5 8. Nc3
Nc6 9. dxc5 d4 10. Na4 Bf5 11. Bd2 Be4 12. b4 Qd5 13. Qb3 d3 14. Nc3 Qxb3 15.
axb3 dxe2 16. Rfe1 Rad8 17. Nxe4 Nxe4 18. Rxe2 Bf6 19. Ra2 Nxd2 20. Nxd2 Bc3
21. Bxc6 bxc6 22. b5 cxb5 23. Ne4 Bb4 24. Rxa7 f5 25. Ng5 Bxc5 26. Rb7 f4 27.
gxf4 Rxf4 28. Rxg7+ Kxg7 29. Ne6+ Kf6 30. Nxf4 Rd1+ 31. Kg2 Rb1 32. Nh5+ Kf7
33. Re5 Rc1 34. Nf4 Rc3 35. Rf5+ Ke8 36. Ne6 Bxf2 37. Kxf2 Rxb3 38. Rxb5 Rh3
39. Kg2 Re3 40. Ng5 h6 41. Nf3 1-0

[Event "Paris ch 2005"]
[Site "Paris FRA"]
[Date "2005.07.09"]
[Round "1.7"]
[White "Amigues, Emmanuel"]
[Black "Kogan, Artur"]
[Result "0-1"]
[WhiteElo "2317"]
[BlackElo "2580"]
[PlyCount "62"]
[EventDate "2005.07.09"]
[EventType "swiss"]
[EventRounds "9"]
[EventCountry "FRA"]
[Source "lmi"]
[SourceDate "2005.07.17"]

1. d4 Nf6 2. Nf3 e6 3. c4 b6 4. Bg5 h6 5. Bh4 g5 6. Bg3 Ne4 7. Nc3 Nxg3 8. hxg3
Bg7 9. Qd2 d6 10. O-O-O Nd7 11. e3 Bb7 12. Bd3 Qe7 13. d5 Ne5 14. Nd4 c5 15.
Nf3 exd5 16. Nxe5 Bxe5 17. cxd5 a6 18. Bf5 b5 19. f4 Bg7 20. Rh5 Bc8 21. Bxc8
Rxc8 22. e4 b4 23. Na4 gxf4 24. gxf4 Qb7 25. e5 Qb5 26. Qc2 c4 27. Qf5 O-O 28.
Rdh1 c3 29. b3 Qxd5 30. Rd1 Qxg2 31. Rxd6 c2 0-1

[Event "Paris ch 2005"]
[Site "Paris FRA"]
[Date "2005.07.09"]
[Round "1.8"]
[White "David, Alberto"]
[Black "Rrhioua, Tarik"]
[Result "1-0"]
[WhiteElo "2579"]
[BlackElo "2315"]
[PlyCount "55"]
[EventDate "2005.07.09"]
[EventType "swiss"]
[EventRounds "9"]
[EventCountry "FRA"]
[Source "lmi"]
[SourceDate "2005.07.17"]

1. d4 Nf6 2. c4 g6 3. Nc3 Bg7 4. e4 d6 5. Nf3 O-O 6. Be2 e5 7. O-O Nc6 8. d5
Ne7 9. Ne1 Nd7 10. Be3 f5 11. f3 f4 12. Bf2 g5 13. Rc1 Ng6 14. c5 Nf6 15. cxd6
cxd6 16. Nb5 g4 17. Nc7 g3 18. Nxa8 Nh5 19. Kh1 Qh4 20. Bg1 gxh2 21. Bf2 Ng3+
22. Bxg3 fxg3 23. Nc7 Bh6 24. Rc3 Nf4 25. Ne6 Bxe6 26. dxe6 Bg7 27. Rc7 h5 28.
Bc4 1-0

[Event "Paris ch 2005"]
[Site "Paris FRA"]
[Date "2005.07.09"]
[Round "1.9"]
[White "Simon, Olivier"]
[Black "Shchekachev, Andrei"]
[Result "1/2-1/2"]
[WhiteElo "2315"]
[BlackElo "2570"]
[PlyCount "88"]
[EventDate "2005.07.09"]
[EventType "swiss"]
[EventRounds "9"]
[EventCountry "FRA"]
[Source "lmi"]
[SourceDate "2005.07.17"]

1. e4 c5 2. Nc3 e6 3. Nf3 a6 4. g3 b5 5. Bg2 Bb7 6. d3 d6 7. O-O Nf6 8. Ng5 h6
9. Nh3 Nbd7 10. f4 b4 11. Ne2 a5 12. Nf2 e5 13. g4 Be7 14. Ng3 g6 15. Qf3 exf4
16. Bxf4 Ne5 17. Qe2 Nfd7 18. Nh3 Qb6 19. Be3 Nf6 20. Nf2 h5 21. gxh5 Nxh5 22.
Ng4 Nxg3 23. hxg3 Nxg4 24. Qxg4 Bc8 25. Qf3 Be6 26. Rad1 Rc8 27. d4 Rh7 28. d5
Bd7 29. e5 dxe5 30. d6 Bxd6 31. Qd5 Rc6 32. Qd2 Bg4 33. Bxc6+ Qxc6 34. Qd5 Qxd5
35. Rxd5 Bc7 36. Rxc5 f5 37. c3 e4 38. cxb4 axb4 39. Rfc1 Bxg3 40. Rc8+ Kd7 41.
Ra8 Rh3 42. Ra7+ Kd6 43. Ra6+ Kd7 44. Ra7+ Kd6 1/2-1/2

[Event "Paris ch 2005"]
[Site "Paris FRA"]
[Date "2005.07.09"]
[Round "1.10"]
[White "Yakovich, Yuri"]
[Black "Zozulia, Anna"]
[Result "1/2-1/2"]
[WhiteElo "2560"]
[BlackElo "2314"]
[PlyCount "53"]
[EventDate "2005.07.09"]
[EventType "swiss"]
[EventRounds "9"]
[EventCountry "FRA"]
[Source "lmi"]
[SourceDate "2005.07.17"]

1. d4 Nf6 2. c4 g6 3. Nc3 Bg7 4. e4 O-O 5. Be2 c6 6. e5 Ne8 7. Nf3 d6 8. O-O
Bg4 9. Bf4 dxe5 10. dxe5 Nd7 11. Re1 Nc7 12. Qd2 Ne6 13. Bh6 Bxf3 14. Bxg7 Kxg7
15. Bxf3 Nxe5 16. Qe2 Nxf3+ 17. Qxf3 Qa5 18. Qg3 Rad8 19. Re5 Qb4 20. b3 Qd6
21. Rae1 Rd7 22. h4 h5 23. Ne4 Qd3 24. Ng5 Qxg3 25. Nxe6+ fxe6 26. fxg3 Rd2 27.
Rxe6 1/2-1/2

[Event "Paris ch 2005"]
[Site "Paris FRA"]
[Date "2005.07.09"]
[Round "1.11"]
[White "Becker, Martin"]
[Black "Malakhatko, Vadim"]
[Result "1/2-1/2"]
[WhiteElo "2310"]
[BlackElo "2556"]
[PlyCount "106"]
[EventDate "2005.07.09"]
[EventType "swiss"]
[EventRounds "9"]
[EventCountry "FRA"]
[Source "lmi"]
[SourceDate "2005.07.17"]

1. e4 e6 2. d4 d5 3. Nc3 Nf6 4. Bg5 dxe4 5. Nxe4 Nbd7 6. Nf3 h6 7. Nxf6+ Nxf6
8. Bh4 c5 9. Ne5 Qa5+ 10. c3 cxd4 11. Qxd4 Bc5 12. Nc4 Bxd4 13. Nxa5 Bb6 14.
Nc4 Bc7 15. Bg3 Bxg3 16. hxg3 Ke7 17. Be2 Bd7 18. Ne5 Rac8 19. Nxd7 Nxd7 20.
Rh4 Rc7 21. Rd1 Nf6 22. Ra4 b6 23. Bf3 h5 24. Rdd4 g5 25. Rdc4 Rxc4 26. Rxc4 g4
27. Bb7 Kd6 28. a4 Rb8 29. Ba6 Nd7 30. b4 Ne5 31. Rd4+ Ke7 32. Ke2 Rd8 33. Rxd8
Kxd8 34. Ke3 f6 35. Bb5 Ke7 36. Kd4 Ng6 37. a5 bxa5 38. bxa5 h4 39. gxh4 Nxh4
40. g3 Nf3+ 41. Kc5 Ng5 42. Bc6 Nh3 43. f3 gxf3 44. Bxf3 Kd7 45. c4 Ng5 46. Bg2
Kc7 47. Kb5 Nf7 48. Ka6 Ne5 49. Kb5 f5 50. Kc5 Nd7+ 51. Kb5 Ne5 52. Kc5 Nd7+
53. Kb5 Ne5 1/2-1/2

[Event "Paris ch 2005"]
[Site "Paris FRA"]
[Date "2005.07.09"]
[Round "1.12"]
[White "Gouliev, Namig"]
[Black "Schlawin, Marlon"]
[Result "1-0"]
[WhiteElo "2555"]
[BlackElo "2302"]
[PlyCount "69"]
[EventDate "2005.07.09"]
[EventType "swiss"]
[EventRounds "9"]
[EventCountry "FRA"]
[Source "lmi"]
[SourceDate "2005.07.17"]

1. e4 e6 2. d4 d5 3. Nc3 Nf6 4. e5 Nfd7 5. f4 c5 6. Nf3 Qb6 7. Ne2 Nc6 8. c3
Be7 9. g3 cxd4 10. cxd4 O-O 11. Bh3 f6 12. Bxe6+ Kh8 13. Bxd5 fxe5 14. fxe5
Ndxe5 15. dxe5 Nxe5 16. Bf4 Nxf3+ 17. Bxf3 Bb4+ 18. Nc3 Re8+ 19. Kf1 Bh3+ 20.
Bg2 Qa6+ 21. Kf2 Bc5+ 22. Kf3 Rad8 23. Bxh3 Qc6+ 24. Kg4 Rxd1 25. Raxd1 g6 26.
Rd5 h5+ 27. Kf3 Rd8 28. Rhd1 Bb4 29. Be5+ Kh7 30. Kf4 Rf8+ 31. Ke3 Bc5+ 32. Kd3
Rf2 33. Rd2 b5 34. Rd7+ Kg8 35. Nd5 1-0

[Event "Paris ch 2005"]
[Site "Paris FRA"]
[Date "2005.07.09"]
[Round "1.13"]
[White "Glicenstein, Asher"]
[Black "Apicella, Manuel"]
[Result "0-1"]
[WhiteElo "2301"]
[BlackElo "2553"]
[PlyCount "78"]
[EventDate "2005.07.09"]
[EventType "swiss"]
[EventRounds "9"]
[EventCountry "FRA"]
[Source "lmi"]
[SourceDate "2005.07.17"]

1. Nf3 Nf6 2. c4 g6 3. b4 Bg7 4. Bb2 O-O 5. g3 c6 6. d3 a5 7. b5 cxb5 8. cxb5
a4 9. Na3 d5 10. Bg2 Bg4 11. O-O Qd6 12. Rb1 Rc8 13. Qd2 Nbd7 14. h3 Bxf3 15.
Bxf3 e5 16. Rfd1 Qe6 17. Bg2 Bf8 18. Rdc1 Rcb8 19. Qc3 Bd6 20. e4 dxe4 21. dxe4
Nb6 22. Qe3 Nfd7 23. Ra1 Rc8 24. Bf1 Rxc1 25. Qxc1 Bc5 26. Nc4 Bxf2+ 27. Kxf2
Rc8 28. Qc3 Nxc4 29. Rc1 Nd6 30. Qb4 Rxc1 31. Bxc1 Nc5 32. Kg1 Ncxe4 33. Bg2
Nxg3 34. Ba3 Ngf5 35. Bxb7 e4 36. b6 e3 37. Be4 Qxa2 38. Bxf5 Qf2+ 39. Kh1 e2
0-1

[Event "Paris ch 2005"]
[Site "Paris FRA"]
[Date "2005.07.09"]
[Round "1.14"]
[White "Bagheri, Amir"]
[Black "Guadalpi, David"]
[Result "1/2-1/2"]
[WhiteElo "2537"]
[BlackElo "2300"]
[PlyCount "39"]
[EventDate "2005.07.09"]
[EventType "swiss"]
[EventRounds "9"]
[EventCountry "FRA"]
[Source "lmi"]
[SourceDate "2005.07.17"]

1. d4 Nf6 2. Nf3 e6 3. e3 b6 4. Bd3 Bb7 5. O-O d5 6. b3 Bd6 7. c4 O-O 8. Nc3 a6
9. Qc2 c5 10. cxd5 exd5 11. dxc5 bxc5 12. e4 c4 13. bxc4 dxc4 14. Bxc4 Qc7 15.
Bd3 Rc8 16. Bb2 Nbd7 17. Rac1 Bf4 18. Rcd1 Ne5 19. Qe2 Nxf3+ 20. Qxf3 1/2-1/2

[Event "Paris ch 2005"]
[Site "Paris FRA"]
[Date "2005.07.09"]
[Round "1.15"]
[White "Leconte, Maria"]
[Black "Kengis, Edvins"]
[Result "1/2-1/2"]
[WhiteElo "2296"]
[BlackElo "2534"]
[PlyCount "101"]
[EventDate "2005.07.09"]
[EventType "swiss"]
[EventRounds "9"]
[EventCountry "FRA"]
[Source "lmi"]
[SourceDate "2005.07.17"]

1. e4 c5 2. Nf3 e6 3. d4 cxd4 4. Nxd4 a6 5. Nc3 b5 6. Be2 Bb7 7. Bf3 d6 8. O-O
Nd7 9. Re1 Ngf6 10. Bg5 Be7 11. e5 Bxf3 12. Qxf3 dxe5 13. Nc6 Qb6 14. Nxe5 Rc8
15. Nxd7 Kxd7 16. Rad1+ Ke8 17. Rd2 Qc6 18. Qxc6+ Rxc6 19. Red1 b4 20. Bxf6
gxf6 21. Na4 Rg8 22. g3 Rc7 23. c4 bxc3 24. Nxc3 Rg5 25. Na4 Rb5 26. b3 f5 27.
Nb2 f4 28. gxf4 Rf5 29. Nc4 Rxf4 30. Rd4 Rf5 31. R1d2 a5 32. Kg2 Bb4 33. Re2
Kf8 34. Rh4 h5 35. Rd4 Kg7 36. Rd3 a4 37. Ne3 Rg5+ 38. Kf3 axb3 39. Rxb3 Bd6
40. h3 Ra5 41. Rd3 Be7 42. Rdd2 Bg5 43. Rc2 Rxc2 44. Rxc2 Ra3 45. Re2 Kg6 46.
Kg2 Bxe3 47. fxe3 f5 48. h4 Kf6 49. Kf3 e5 50. Rb2 f4 51. Rb3 1/2-1/2

[Event "Paris ch 2005"]
[Site "Paris FRA"]
[Date "2005.07.09"]
[Round "1.16"]
[White "Drasko, Milan"]
[Black "Templier, Nicolas"]
[Result "1-0"]
[WhiteElo "2516"]
[BlackElo "2290"]
[PlyCount "47"]
[EventDate "2005.07.09"]
[EventType "swiss"]
[EventRounds "9"]
[EventCountry "FRA"]
[Source "lmi"]
[SourceDate "2005.07.17"]

1. Nf3 Nf6 2. g3 d5 3. Bg2 c6 4. O-O g6 5. b3 Bg7 6. Bb2 O-O 7. c4 Re8 8. d4
Ne4 9. e3 Bg4 10. Qc2 Bxf3 11. Bxf3 f5 12. Bg2 Nd7 13. f3 Nd6 14. Nd2 Nf6 15.
Rae1 Qd7 16. Re2 Rad8 17. Rfe1 Rf8 18. a4 Rf7 19. c5 Nde8 20. b4 Nc7 21. Nb3 a6
22. Nc1 Nfe8 23. Nd3 e6 24. h4 1-0

[Event "Paris ch 2005"]
[Site "Paris FRA"]
[Date "2005.07.09"]
[Round "1.17"]
[White "Spielmann, Alain"]
[Black "Moradiabadi, Elshan"]
[Result "0-1"]
[WhiteElo "2283"]
[BlackElo "2485"]
[PlyCount "59"]
[EventDate "2005.07.09"]
[EventType "swiss"]
[EventRounds "9"]
[EventCountry "FRA"]
[Source "lmi"]
[SourceDate "2005.07.17"]

1. Nf3 Nf6 2. c4 g6 3. Nc3 Bg7 4. e4 d6 5. d4 O-O 6. Be2 e5 7. O-O Na6 8. Be3
Ng4 9. Bg5 Qe8 10. dxe5 dxe5 11. h3 f6 12. Bd2 Nh6 13. Be3 c6 14. c5 Nc7 15.
Qc1 Nf7 16. b4 Be6 17. b5 Qe7 18. b6 Ne8 19. bxa7 Rxa7 20. a4 f5 21. Qa3 f4 22.
Bd2 Nf6 23. a5 g5 24. Qb4 Rfa8 25. Rfc1 h5 26. Bc4 Bf8 27. Bxe6 Qxe6 28. Ne1
Be7 29. Qb6 Nd7 30. Qc7 0-1

[Event "Paris ch 2005"]
[Site "Paris FRA"]
[Date "2005.07.09"]
[Round "1.18"]
[White "Marcelin, Cyril"]
[Black "Hess, Robert L"]
[Result "1-0"]
[WhiteElo "2481"]
[BlackElo "2278"]
[PlyCount "41"]
[EventDate "2005.07.09"]
[EventType "swiss"]
[EventRounds "9"]
[EventCountry "FRA"]
[Source "lmi"]
[SourceDate "2005.07.17"]

1. d4 g6 2. e4 Bg7 3. c4 d6 4. Nc3 e5 5. Nge2 exd4 6. Nxd4 Nc6 7. Be3 Nge7 8.
Be2 O-O 9. Qd2 f5 10. Nxc6 bxc6 11. Bd4 Bxd4 12. Qxd4 fxe4 13. Qxe4 Rb8 14. b3
Re8 15. Qh4 Qd7 16. Ne4 Rf8 17. Nf6+ Rxf6 18. Qxf6 Bb7 19. O-O c5 20. h3 Rf8
21. Bg4 1-0

[Event "Paris ch 2005"]
[Site "Paris FRA"]
[Date "2005.07.09"]
[Round "1.19"]
[White "Reinaldo Castineira, Roi"]
[Black "Blazkova, Petra"]
[Result "1-0"]
[WhiteElo "2447"]
[BlackElo "2276"]
[PlyCount "59"]
[EventDate "2005.07.09"]
[EventType "swiss"]
[EventRounds "9"]
[EventCountry "FRA"]
[Source "lmi"]
[SourceDate "2005.07.17"]

1. e4 e6 2. d3 d5 3. Qe2 dxe4 4. dxe4 Nc6 5. Nf3 e5 6. c3 Nf6 7. Qc2 Bg4 8.
Nbd2 Nd7 9. Be2 Qf6 10. Nc4 Bc5 11. b4 Bb6 12. O-O h6 13. h3 Be6 14. Ne3 Ne7
15. c4 c6 16. c5 Bc7 17. Nc4 g5 18. Rd1 Ng6 19. Nd6+ Bxd6 20. Rxd6 Nf4 21. Bxf4
gxf4 22. Bc4 Rg8 23. Bxe6 fxe6 24. Rad1 O-O-O 25. b5 Nb8 26. a4 Rxd6 27. cxd6
Qg6 28. Ne1 f3 29. g3 Qh5 30. Kh2 1-0

[Event "Paris ch 2005"]
[Site "Paris FRA"]
[Date "2005.07.09"]
[Round "1.20"]
[White "Bakhmatov, Eduard"]
[Black "Abergel, Thal"]
[Result "1/2-1/2"]
[WhiteElo "2373"]
[BlackElo "2446"]
[PlyCount "36"]
[EventDate "2005.07.09"]
[EventType "swiss"]
[EventRounds "9"]
[EventCountry "FRA"]
[Source "lmi"]
[SourceDate "2005.07.17"]

1. e4 c5 2. Nf3 Nc6 3. Bb5 d6 4. d4 cxd4 5. Qxd4 Bd7 6. Bxc6 Bxc6 7. Nc3 Nf6 8.
Bg5 e6 9. O-O-O Be7 10. Rhe1 Qb6 11. Qxb6 axb6 12. Nd4 O-O 13. f3 h6 14. Bh4 b5
15. a3 Ra5 16. Nb3 Ra6 17. Nd4 Ra5 18. Nb3 Ra6 1/2-1/2

[Event "Paris ch 2005"]
[Site "Paris FRA"]
[Date "2005.07.09"]
[Round "1.21"]
[White "Gozzoli, Yannick"]
[Black "Peyrat, Olivier"]
[Result "1-0"]
[WhiteElo "2444"]
[BlackElo "2265"]
[PlyCount "85"]
[EventDate "2005.07.09"]
[EventType "swiss"]
[EventRounds "9"]
[EventCountry "FRA"]
[Source "lmi"]
[SourceDate "2005.07.17"]

1. d4 d5 2. c4 c6 3. Nc3 Nf6 4. e3 e6 5. Nf3 Nbd7 6. Qc2 Bd6 7. g4 Bb4 8. Bd2
Qe7 9. Bd3 Nxg4 10. Rg1 f5 11. cxd5 cxd5 12. Bxf5 Bxc3 13. Bxg4 Bxd2+ 14. Qxd2
O-O 15. Rg2 Nf6 16. Ne5 Bd7 17. Kf1 Ne4 18. Qe1 Rac8 19. Kg1 Rc7 20. f3 Nf6 21.
Rc1 Rfc8 22. Rxc7 Rxc7 23. h4 Be8 24. Kh2 Bh5 25. Bh3 Be8 26. Qg3 Bh5 27. Nd3
Ne8 28. Qe5 Bf7 29. Nf4 Qxh4 30. Nxe6 Bxe6 31. Qxe6+ Kf8 32. Qxd5 Re7 33. Qf5+
Rf7 34. Qg4 Qe1 35. Qe4 Re7 36. Qf5+ Rf7 37. Qc5+ Kg8 38. Qe5 Kf8 39. Qc5+ Kg8
40. Qe5 Kf8 41. e4 Rxf3 42. Qc5+ Kf7 43. Qh5+ 1-0

[Event "Paris ch 2005"]
[Site "Paris FRA"]
[Date "2005.07.09"]
[Round "1.22"]
[White "Badii, Madjid"]
[Black "Perez, Rodney"]
[Result "0-1"]
[WhiteElo "2257"]
[BlackElo "2442"]
[PlyCount "34"]
[EventDate "2005.07.09"]
[EventType "swiss"]
[EventRounds "9"]
[EventCountry "FRA"]
[Source "lmi"]
[SourceDate "2005.07.17"]

1. e4 g6 2. d4 Bg7 3. Nc3 c6 4. Bc4 d6 5. Be3 Nf6 6. Qf3 O-O 7. h3 Nbd7 8. Bb3
b5 9. e5 dxe5 10. Qxc6 Rb8 11. Nxb5 Qa5+ 12. Nc3 exd4 13. Bxd4 Rb4 14. Bxf6
Nxf6 15. Qf3 Bb7 16. Qd3 Ba6 17. Qf3 Re4+ 0-1

[Event "Paris ch 2005"]
[Site "Paris FRA"]
[Date "2005.07.09"]
[Round "1.24"]
[White "Verdier, Patrice"]
[Black "Chabanon, Jean-Luc"]
[Result "0-1"]
[WhiteElo "2252"]
[BlackElo "2426"]
[PlyCount "78"]
[EventDate "2005.07.09"]
[EventType "swiss"]
[EventRounds "9"]
[EventCountry "FRA"]
[Source "lmi"]
[SourceDate "2005.07.17"]

1. d4 Nf6 2. c4 e6 3. Nc3 d5 4. cxd5 exd5 5. Bg5 Be7 6. e3 Nbd7 7. Bd3 c6 8.
Qc2 O-O 9. Nge2 Re8 10. O-O Nf8 11. f3 Be6 12. e4 dxe4 13. fxe4 Ng4 14. Bxe7
Rxe7 15. Rf3 c5 16. d5 Bc8 17. Nf4 c4 18. Bf1 b5 19. h3 Qb6+ 20. Kh1 Ne5 21.
Rg3 b4 22. d6 Qxd6 23. Ncd5 Re8 24. Rd1 Nfg6 25. Nh5 Qc5 26. Nhf6+ gxf6 27.
Nxf6+ Kf8 28. Qd2 Be6 29. Qh6+ Ke7 30. Qg5 h6 31. Ng8+ Kf8 32. Nxh6 Nd3 33. Nf5
Nf2+ 34. Kh2 Bxf5 35. Rd5 Qc7 36. Rxf5 Nxe4 37. Rxf7+ Qxf7 38. Qh6+ Ke7 39. Re3
Kd8 0-1

[Event "Paris ch 2005"]
[Site "Paris FRA"]
[Date "2005.07.09"]
[Round "1.25"]
[White "Sher, Miron N"]
[Black "Greiff, Hakan"]
[Result "1-0"]
[WhiteElo "2420"]
[BlackElo "2244"]
[PlyCount "93"]
[EventDate "2005.07.09"]
[EventType "swiss"]
[EventRounds "9"]
[EventCountry "FRA"]
[Source "lmi"]
[SourceDate "2005.07.17"]

1. c4 e6 2. Nf3 d5 3. g3 Nf6 4. Bg2 Be7 5. O-O O-O 6. d4 dxc4 7. Ne5 Nc6 8.
Bxc6 bxc6 9. Nxc6 Qe8 10. Nxe7+ Qxe7 11. Qa4 e5 12. dxe5 Qxe5 13. Qxc4 Be6 14.
Qa6 c5 15. Nd2 c4 16. Nf3 Qxe2 17. Nd4 Qg4 18. Nxe6 fxe6 19. Be3 Qh3 20. f3
Rac8 21. Rf2 Qf5 22. Re1 c3 23. bxc3 Rxc3 24. Bxa7 Rxf3 25. Rxf3 Qxf3 26. Qxe6+
Kh8 27. Bd4 Qa8 28. Bxf6 Rxf6 29. Qe8+ Rf8 30. Qxa8 Rxa8 31. a4 h5 32. Ra1 Ra5
33. Kf2 Kg8 34. Ke3 Kf7 35. Kd4 Ke8 36. Kc4 Kd8 37. Kb4 Rf5 38. Rc1 Rf2 39. h4
Rb2+ 40. Ka3 Re2 41. Rc3 Re1 42. a5 Kd7 43. Rc5 Re3+ 44. Kb4 Rxg3 45. a6 Rg1
46. a7 Rb1+ 47. Ka5 1-0

[Event "Paris ch 2005"]
[Site "Paris FRA"]
[Date "2005.07.09"]
[Round "1.26"]
[White "Paci, Cedric"]
[Black "Vijayalakshmi, Subbaraman"]
[Result "0-1"]
[WhiteElo "2238"]
[BlackElo "2414"]
[PlyCount "54"]
[EventDate "2005.07.09"]
[EventType "swiss"]
[EventRounds "9"]
[EventCountry "FRA"]
[Source "lmi"]
[SourceDate "2005.07.17"]

1. e4 e5 2. Bc4 Nf6 3. d3 c6 4. Nf3 d6 5. O-O Be7 6. Re1 Bg4 7. Nbd2 Nbd7 8. h3
Bh5 9. c3 Qc7 10. Bb3 Nc5 11. Bc2 Ne6 12. Nf1 g5 13. g4 Bg6 14. Nxg5 Nxg5 15.
Bxg5 h5 16. Ng3 hxg4 17. hxg4 O-O-O 18. Kg2 Rdg8 19. f3 Nxg4 20. Bxe7 Rh2+ 21.
Kg1 Qxe7 22. fxg4 Qh4 23. Re3 Bh5 24. Qf3 Rxg4 25. Bd1 Rg5 26. Qg2 Rxg2+ 27.
Kxg2 Qf4 0-1

[Event "Paris ch 2005"]
[Site "Paris FRA"]
[Date "2005.07.09"]
[Round "1.28"]
[White "Gonzalez Diaz, Julio"]
[Black "Philippe, Christophe"]
[Result "0-1"]
[WhiteElo "2237"]
[BlackElo "2411"]
[PlyCount "108"]
[EventDate "2005.07.09"]
[EventType "swiss"]
[EventRounds "9"]
[EventCountry "FRA"]
[Source "lmi"]
[SourceDate "2005.07.17"]

1. e4 c5 2. Nf3 Nc6 3. d4 cxd4 4. Nxd4 Nf6 5. Nc3 e5 6. Ndb5 d6 7. Bg5 a6 8.
Na3 b5 9. Bxf6 gxf6 10. Nd5 f5 11. Nxb5 axb5 12. Bxb5 Bb7 13. exf5 Ra5 14. Qd3
Bg7 15. Qc4 Kf8 16. f6 Bxf6 17. Nxf6 Qxf6 18. Bxc6 Rc5 19. Qxc5 dxc5 20. Bxb7
Qb6 21. Bd5 Qb4+ 22. c3 Qxb2 23. O-O Qxc3 24. Rac1 Qa3 25. Rb1 Rg8 26. Rb3 Qa4
27. Rb8+ Kg7 28. Rb7 Rf8 29. h3 Qd4 30. Bf3 e4 31. Bg4 c4 32. Rc7 c3 33. Rd1
Qe5 34. Rc4 Rb8 35. Rc1 f5 36. Be2 Rb2 37. Bf1 Qf4 38. R4xc3 Qxf2+ 39. Kh1 Rxa2
40. Rc7+ Kg6 41. Rc8 Kf6 42. Rh8 Rc2 43. Rd1 e3 44. Rxh7 e2 45. Bxe2 Rxe2 46.
Rg1 Re1 47. Rxe1 Qxe1+ 48. Kh2 f4 49. Rh8 Kg7 50. Ra8 Qg3+ 51. Kh1 f3 52. Ra7+
Kf6 53. Ra6+ Ke7 54. gxf3 Qe1+ 0-1